Darwin for beginners (Record no. 1396788)

MARC details
000 -LEADER
fixed length control field 00552nam a2200205Ia 4500
005 - DATE AND TIME OF LATEST TRANSACTION
control field 20250508165706.0
008 - FIXED-LENGTH DATA ELEMENTS--GENERAL INFORMATION
fixed length control field 008 250505s9999 xx 000 0 eng d
037 ## - SOURCE OF ACQUISITION
Stock number Textual
040 ## - CATALOGING SOURCE
Original cataloging agency FEDL
Language of cataloging eng
Transcribing agency FEDL
041 ## - LANGUAGE CODE
Language code of text/sound track or separate title eng
Source of code eng
084 ## - COLON CLASSIFICATION NUMBER
Classification number 575, MIL
Assigning agency FEDL
100 ## - MAIN ENTRY--PERSONAL NAME
Personal name Miller Jonathan
9 (RLIN) 131579
245 #0 - TITLE STATEMENT
Title Darwin for beginners
260 ## - PUBLICATION, DISTRIBUTION, ETC.
Place of publication, distribution, etc. New York, USA
Name of publisher, distributor, etc. Pantheon Books Inc.
Date of publication, distribution, etc. 1982
300 ## - PHYSICAL DESCRIPTION
Extent 176p.
365 ## - TRADE PRICE
Price type code USD
Price amount 5.95
700 ## - ADDED ENTRY--PERSONAL NAME
Personal name Loon Borin Van
9 (RLIN) 781636
942 ## - ADDED ENTRY ELEMENTS (KOHA)
Koha item type Textual
Classification part 575, MIL
Holdings
Withdrawn status Lost status Damaged status Not for loan Home library Current library Date acquired Cost, normal purchase price Total Checkouts Full call number Barcode Date last seen Price effective from Koha item type
        Department of Education Library Department of Education Library 2025-05-08 5.95   575, MIL EL0090440 2025-05-08 2025-05-08 Textual
Copyright @ Delhi University Library System